[Event "GER-ch 70th"]
[Site "Bremen"]
[Date "1998.11.11"]
[Round "6"]
[White "Jugelt, Tobias"]
[Black "Boensch, Uwe"]
[Result "0-1"]
[WhiteElo "2350"]
[BlackElo "2530"]
[Annotator "Avrukh,B"]
[PlyCount "120"]
[EventDate "1998.11.06"]
[EventType "swiss"]
[EventRounds "9"]
[EventCountry "GER"]
[SourceTitle "CBM 068"]
[Source "ChessBase"]
[SourceDate "1999.02.01"]
[SourceVersion "1"]
[SourceVersionDate "1999.02.01"]
[SourceQuality "1"]

{[%mdl 4144]} 1. d4 {Hecht} d5 2. Bf4 c5 3. e3 Nc6 4. Nf3 Bg4 5. Be2 (5. c3 e6
(5... Qb6 6. Qb3 e6 (6... Qxb3 7. axb3 e6 8. Ne5 Nxe5 9. Bxe5 f6 10. Bg3 Nh6
11. f3 Bh5 12. c4 cxd4 13. exd4 Bb4+ 14. Nc3 O-O 15. Bd3 Bg6 16. Bxg6 hxg6 $11
{1/2-1/2 Spielmann,R-Van Doesburgh,G/Zandvoort 1936/HCL 20 (30)}) 7. Nbd2 c4 8.
Qc2 Nf6 9. b3 Bf5 10. Qc1 Qa5 {[%cal Gf8a3] 1/2,Meduna.E-Stangl.M/Brno 1993})
6. Qb3 Qd7 7. Nbd2 Nge7 $1 8. Be2 Ng6 9. Bg3 Be7 10. dxc5 Bxc5 11. Rd1 O-O 12.
O-O Na5 13. Qc2 Rac8 $11 {1/2-1/2 Fritze,B-Busse,K/Dortmund 1992/TD 92\03 (60)}
) 5... e6 (5... Bxf3 6. Bxf3 e6 7. c4 Nf6 8. Nc3 cxd4 9. exd4 dxc4 10. O-O Be7
11. Bxc6+ bxc6 12. Qa4 O-O 13. Qxc4 Rc8 $11 {0-1 De Labourdonnais,L-McDonnell,
A/London 1834/}) 6. c3 Bd6 7. Bxd6 (7. Bg3 Nf6 8. Nbd2 O-O 9. Qc2 $6 (9. O-O
Bxg3 10. hxg3 Qd6 $11) 9... Rc8 {[%cal Gc8c2]} 10. Ne5 $2 Bxe2 11. Kxe2 cxd4
12. Nxc6 Rxc6 13. exd4 $17 {[%csl Re2] 0-1 Matusan,I-Pokorna,R/Bratislava 1993/
TD 93\05 (32)}) 7... Qxd6 $11 8. Nbd2 Nf6 9. O-O O-O 10. h3 $6 (10. dxc5 $142
Qxc5 11. Nd4 Bxe2 12. Qxe2 $11) 10... Bh5 11. Ne1 Bg6 12. Bd3 (12. Qb3 b6 $1 (
12... e5 $5 13. Qxb7 (13. dxe5 Nxe5 $15) 13... Rfb8 14. Qa6 exd4 (14... Rxb2 $2
15. dxe5 $16) 15. cxd4 cxd4 (15... Rxb2 $2 16. dxc5 Qxc5 17. Nb3 $14 {[%csl
Gd4,Rd5]}) 16. Rc1 Rb6 17. Qa4 dxe3 18. fxe3 Qe6 $17 {[%csl Re3]})) 12... e5
13. Bxg6 hxg6 14. dxe5 Qxe5 (14... Nxe5 15. Nef3 Rfe8 16. Qb3 Nxf3+ 17. Nxf3
$11 {[%cal Ga1d1]}) 15. Nef3 Qe7 16. Qa4 (16. Qc2 Rfe8 17. Rad1 $5) 16... Ne4
$1 (16... Rfe8 17. Rad1 Rad8 18. Rfe1 a6 $11) 17. Rad1 Rfd8 {[%cal Ga7a6,Gb7b5]
} (17... Rad8 $5) 18. Rfe1 a6 {[%cal Gb7b5]} 19. Nxe4 dxe4 20. Nd2 Re8 21. Qc4
b5 22. Qd5 (22. Qe2 {[%cal Ga2a4]} Rad8 23. a4 Rd3 $17 {[%cal Gc5c4]}) 22...
Na5 $15 {[%cal Ga8d8] White played very passive in the opening and still it's
not enough for black to create something serious.Black is only a little better,
but suddenly white starts to play quite good ,untill the ending part of the
game.} 23. h4 $1 (23. Nb3 $6 Nc4 $1 {[%cal Gc4b2]} (23... Nxb3 $2 24. axb3 Rad8
25. Qc6 Qe6 26. Qxe6 fxe6 27. Kf1 Rd3 28. Ra1 Rd2 29. Re2 Rd6 $11) 24. Qxc5
Nxb2 25. Qxe7 Rxe7 26. Rd4 Rc8 $17 {[%cal Gc8c3]}) (23. f3 exf3 24. Qxf3 Rad8
$15 {[%cal Ga5c6,Gc6e5]}) 23... Rad8 24. Qg5 c4 (24... Qxg5 25. hxg5 Rd3 26.
Kf1 Red8 27. Ke2 Nc4 28. Nxc4 bxc4 $11 {[%cal Gg8f8,Gf8e7,Ge7e6,Ge6f5,Ge6e5,
Yf2f3]}) (24... Rd3 25. Qxe7 Rxe7 26. Kf1 Red7 27. Ke2 f5 28. f3 exf3+ 29. gxf3
Kf7 $15) 25. f3 exf3 26. Qxe7 Rxe7 27. Nxf3 Rd3 28. Kf2 Nb7 $1 {[%cal Gb7c5]}
29. Rxd3 cxd3 30. Rd1 Nc5 31. Nd4 f5 (31... Ne4+ $2 32. Kf3 d2 33. Nb3 $16 {
[%cal Gb3d2]}) 32. Kf3 Rc7 (32... Re4 33. g3 Kf7 34. b4 Nd7 35. Nc6 $1 {
[%csl Gd3]}) 33. Nb3 Na4 34. Rd2 Kf7 35. Nc1 b4 36. Nxd3 bxc3 37. bxc3 Rxc3 38.
Ne5+ $2 (38. g3 $11 Nb6 $140 $2 {[%cal Gb6c4]} 39. Ne5+ Kf6 40. Rd6+ Kxe5 41.
Rxb6 Ra3 42. Rxg6 a5 43. Rxg7 Rxa2 44. Ra7 a4 45. Ra5+ Kf6 46. e4 Ra3+ 47. Kf4
fxe4 48. Rf5+ $1 $18) 38... Kf6 39. Nd3 Nb6 {[%cal Gb6c4]} 40. Nb4 Nc4 41. Nd5+
(41. Kf4 $1 Rc1 (41... Nxd2 $6 42. Nd5+ Ke6 43. Nxc3 $11 {[%cal Ge3e4]}) 42.
Nd5+ Ke6 43. Nc7+ Kf6 $11) 41... Ke5 42. Nxc3 Nxd2+ 43. Ke2 Ne4 44. Nxe4 $4 {
Desicive mistake,the pawnending suddenly is losing for white.} ({After} 44. Na4
$15 {[%csl Ge4,Ge5] black has good chances to save the game.}) 44... Kxe4 $17 {
[%cal Gf5f4] Hecht: '[#] Neben den beiderseitigen Macken in der Bauernstruktur
fällt besonders der Raumvorteil für Schwarz auf. '} 45. g3 {Hecht: 'Gibt das
Feld f3 preis, verhindert aber das für Schwarz wünschenswerte f4. Die
Alternative 45.a4 führt zu einem für Schwarz günstigen Damenendspiel.:'} (45.
a4 {Hecht} a5 $2 (45... f4 $1 46. exf4 Kxf4 47. Kd3 (47. Kf2 a5 48. g3+ Ke4 49.
Ke2 Kd4 50. Kf3 Kc4 51. Kf4 Kb4 52. Kg5 Kxa4 53. Kxg6 Kb5 54. Kxg7 a4 55. h5 a3
56. h6 a2 57. h7 a1=Q+ 58. Kg8 Qa2+ 59. Kg7 Qb2+ 60. Kg8 Qb3+ 61. Kg7 Qc3+ 62.
Kg8 Qc4+ 63. Kg7 Qd4+ 64. Kg8 Qd5+ 65. Kg7 Qg5+ 66. Kf7 Qh6 67. Kg8 Qg6+ 68.
Kh8 Qf7 69. g4 Qf8#) 47... Kg3 48. Kc4 Kxg2 49. Kb4 Kg3 50. Ka5 Kxh4 51. Kxa6
g5 52. Kb5 g4 53. a5 g3 54. a6 g2 55. a7 g1=Q 56. a8=Q Qf1+ 57. Kc5 g5 $17 {
[#] Bitte die ENDSPIEL-CD befragen!}) 46. Kd2 f4 47. exf4 Kxf4 48. Kd3 (48. Ke2
Kg3 49. Kf1 Kxh4 50. Kf2 Kg4 51. Ke2 Kg3 52. Kf1 g5 53. Kg1 g4 $19) 48... Kg3
49. Kc4 Kxg2 50. Kb5 Kg3 51. Kxa5 Kxh4 52. Kb5 g5 53. a5 g4 54. a6 g3 55. a7 g2
56. a8=Q g1=Q 57. Qh8+ $11) 45... a5 46. a4 Kd5 47. Kf3 $2 (47. Kd3 g5 $1 (
47... Kc5 {Hecht} 48. Kc3 g5 49. hxg5 (49. h5 g4 $22) 49... g6 $22 {[#]} 50.
Kb3 Kd5 51. Kc3 Ke4 52. Kd2 (52. Kc4 Kxe3 53. Kb5 Kf3 54. Kxa5 Kxg3 55. Kb6 f4
56. a5 f3 57. a6 f2 58. a7 f1=Q 59. a8=Q Qf2+ 60. Kc7 {[#] Und nach Df4+ nebst
Eroberung des Bg5: ENDSPIEL-CD befragen!}) 52... Kf3 53. Kd3 Kxg3 54. Kd4 Kg4
55. Kc5 (55. e4 fxe4 56. Kxe4 Kxg5 57. Kf3 Kf5 58. Kg3 Ke5 59. Kg4 Kd4 60. Kg5
Kc4 61. Kxg6 Kb4 62. Kf5 Kxa4 63. Ke4 Kb3 $19) 55... Kf3 {[#]} 56. Kb5 (56. Kd4
Kg4 (56... Ke2 57. e4) 57. Kc5 Kxg5 58. Kb5 Kh4 59. Kxa5 g5 60. Kb5 $2 f4 $1
61. exf4 gxf4 62. a5 f3 63. a6 f2 64. a7 f1=Q+ 65. Kb6 Qg2 $19 {Daraus folgt,
daß im 60.Zug besser Kb6 oder Kb4 geschehen muß, wonach der schwarze g-Bauer
zur Dame geht und die anschließend mit oder ohne Schach den Be3 schlägt.
Hierzu sollte man dann wieder die ENDSPIEL-CD befragen.}) 56... Kxe3 57. Kxa5
f4 58. Kb6 f3 $19) 48. hxg5 (48. h5 g4 $19 {[%cal Rd5e4,Re4f3,Rf3g3]}) 48... g6
49. Kc3 Ke4 50. Kc4 Kxe3 51. Kb5 (51. Kd5 $2 Kf3 $1 (51... f4 $4 52. gxf4 Kxf4
53. Kc4 Kxg5 54. Kb5 Kf4 55. Kxa5 g5 56. Kb5 g4 57. a5 g3 58. a6 g2 59. a7 g1=Q
60. a8=Q $11) 52. Ke5 Kxg3 53. Kf6 f4 54. Kxg6 f3 55. Kh6 f2 56. g6 f1=Q $19)
51... Kf3 52. Kxa5 Kxg3 53. Kb6 f4 54. a5 f3 55. a6 f2 56. a7 f1=Q 57. a8=Q Qf5
{with winning queenending}) 47... Kc4 $19 48. g4 (48. Kf4 Kb4 49. Kg5 Kxa4 50.
Kxg6 Kb3 51. h5 a4 52. Kxg7 a3 53. h6 a2 54. h7 a1=Q+ $19) 48... Kb4 49. gxf5 (
49. e4 fxe4+ 50. Kxe4 Kxa4 51. h5 Kb3 $19) 49... gxf5 50. Kf4 Kxa4 51. Kxf5 Kb5
52. e4 a4 53. e5 Kc6 $1 (53... a3 $4 54. e6 Kc6 55. Kg6 Kd6 56. Kf7 a2 57. e7
a1=Q 58. e8=Q $11) 54. Kg6 Kd5 55. Kxg7 a3 56. h5 a2 57. h6 a1=Q 58. h7 {
Hecht: '[#]'} Qxe5+ {Hecht: 'Möglich ist auch:'} (58... Qg1+ {Hecht} 59. Kf7
Qf2+ 60. Kg7 Qg3+ 61. Kf7 Qf4+ 62. Kg7 Qg5+ 63. Kf7 Qh6 64. Kg8 Qg6+ 65. Kh8
Qf7 66. e6 Qf8#) 59. Kg8 Qg5+ 60. Kh8 Qf6+ (60... Qf6+ {Hecht} 61. Kg8 Ke6 62.
h8=Q Qf7#) 0-1

[Event "Oxford GM-A"]
[Site "Oxford"]
[Date "1998.12.16"]
[Round "3"]
[White "McDonald, Neil R"]
[Black "Wells, Peter K"]
[Result "1-0"]
[WhiteElo "2490"]
[BlackElo "2515"]
[Annotator "Avrukh,B"]
[PlyCount "69"]
[EventDate "1998.12.14"]
[EventType "tourn"]
[EventRounds "9"]
[EventCountry "ENG"]
[EventCategory "11"]
[SourceTitle "CBM 069"]
[Source "ChessBase"]
[SourceDate "1999.04.01"]
[SourceVersion "1"]
[SourceVersionDate "1999.04.01"]
[SourceQuality "1"]

1. d4 {Baburin} d5 2. Bg5 c6 3. e3 h6 4. Bh4 Qb6 5. b3 e5 6. Nf3 Bg4 (6... exd4
7. exd4 Be7 {I think the easyiest way for black to equalize in this variation.}
8. Bxe7 Nxe7 9. Bd3 Bg4 10. Nbd2 O-O 11. O-O Nd7 {and black equalized
comfortably 1/2-1/2 Timman,J-Gelfand,B/Amsterdam 1996/CBM 52 (23)}) 7. Be2 Bxf3
(7... e4 8. Nfd2 Bxe2 9. Qxe2 Nd7 10. O-O Ngf6 11. c4 Qa5 {[%csl Gc3]} 12. Rc1
Bb4 13. a3 O-O 14. c5 Bxd2 15. Nxd2 b6 16. b4 (16. cxb6 $1 Qxb6 17. Ra2 $14 {
[%csl Gc6][%cal Ga2c2]}) 16... Qa4 $132 {1/2-1/2 Jordan,D-Schiffer,K/GER 1997/
BL9697 (48)}) 8. Bxf3 Nd7 {[%mdl 8]} (8... g6 $142 9. Bg3 (9. O-O Bg7 10. c3
Nd7 11. Nd2 Ngf6 $11) 9... Nd7 10. O-O Bg7 11. c3 Ne7 12. Nd2 O-O 13. b4 f5 14.
dxe5 Nxe5 15. Bxe5 Bxe5 {with comfortable play for black.1/2-1/2 Elbilia,
J-Skripchenko,A/Tel Aviv 1998/CBM 65_03 (86)}) 9. O-O g6 $2 {[%mdl 16384]} (
9... Be7 10. Bg3 (10. Bg4 Bxh4 11. Bxd7+ Kxd7 12. Qg4+ f5 $1 13. Qxh4 exd4 14.
exd4 g5 (14... Re8 $5) 15. Qh3 Ne7 $11) 10... e4 (10... Bf6 11. Nc3 exd4 12.
Na4 $14) 11. Be2 Ngf6 12. c4 O-O 13. Nc3 $14 {[%csl Ge2,Gg3]}) 10. c4 e4 11.
Bg4 Be7 (11... Ngf6 12. Bxd7+ Nxd7 13. f3 Bg7 14. fxe4 g5 (14... dxe4 15. Qg4
$1 $18 {[%csl Re4]}) 15. Bg3 dxe4 16. Nc3 $18 {[%csl Re4]}) (11... Ndf6 12. Bh3
Bg7 13. Nc3 Ne7 14. f3 $1 g5 15. Bg3 $16) 12. Bxd7+ Kxd7 13. Qg4+ $16 {[%csl
Rd7] Now becomes clear, that the openining part of the game is finished
clearly in white's favour.Black stayed without custle,with his king in the
centre,and McDonald used this fact very nicely during the game.} Ke8 14. Nc3 {
'!' Baburin. Baburin: 'A nice sacrifice, after which White obtains a
long-lasting attack.'} g5 (14... Rd8 15. Rac1 (15. Bxe7 $5 Nxe7 16. Qf4 {
[%cal Gf4f6]} f5 17. Na4 $1 Qb4 18. Nc5 $36 {[%cal Gf4e5]}) 15... g5 16. Bg3 h5
17. Qf5 h4 18. cxd5 hxg3 19. fxg3 $40 Nf6 $140 20. Nxe4 Rh6 21. d6 $18) 15. Bg3
h5 16. Qf5 $1 (16. Qe2 h4 17. Be5 f6 18. cxd5 fxe5 19. dxe5 $44 Qa5 20. Qc4 Bb4
21. dxc6 Bxc3 22. cxb7 Rd8 23. Rad1 $40) 16... h4 17. cxd5 hxg3 18. fxg3 $44 {
[%csl Ge4,Re8,Gf7][%mdl 1024]} Nh6 (18... Nf6 19. d6 $1 $18) 19. Qe5 (19. Qxe4
$5) 19... f6 20. Qxe4 {[%csl Rg6]} Qb4 (20... f5 21. Qe5 Rh7 22. d6 (22. g4 c5
$1) (22. Rac1 Rd8 $13) 22... Qb4 23. dxe7 Qxc3 24. Qe6 Rh8 $8 25. Rae1 $40) 21.
Rac1 f5 22. Qe5 Rf8 (22... Rh7 23. dxc6 bxc6 24. Ne4 $1 fxe4 25. Qxe4 $18 {
[%cal Ge4h7,Ge4c6]}) 23. dxc6 bxc6 24. Ne4 $1 (24. Nd5 $5 cxd5 25. Qxd5 Rd8 26.
Qc6+ Rd7 27. Qxh6 Qd6 28. Rc8+ Rd8 29. Qh5+ Kd7 30. Rc5 {also with very strong
attack}) 24... Rd8 (24... Ng4 25. Qe6 $18) (24... fxe4 {Baburin} 25. Rxf8+ Kxf8
26. Qh8+ Kf7 27. Rf1+ Ke6 28. Qxa8 Qc3 29. Kh1 $18) 25. Qe6 Qb5 (25... fxe4
$142 26. Qxc6+ (26. Rxf8+ Kxf8 27. Qxh6+ (27. Qg6 $2 {[%cal Gc1f1]} Ng8 $17 {
[%cal Gg8f6]}) 27... Kg8 (27... Ke8 28. Qg6+ {with mate}) 28. Qg6+ Kh8 29. Qxe4
Rf8 30. Qxc6 Qd2 31. Qh6+ Kg8 32. Qe6+ Kh8 $132) 26... Rd7 27. Qxh6 Rxf1+ 28.
Rxf1 Rd6 29. Qh8+ Kd7 30. Qa8 $1 $40) 26. Qg6+ (26. Nc3 $5 Rf6 27. Nxb5 Rxe6
28. Nc7+ Kd7 29. Nxe6 Kxe6 30. Rxc6+ Bd6 $16) (26. Rc5 Qd3 (26... Qxf1+ 27.
Kxf1 fxe4+ 28. Ke2 Rf6 29. Qxe4 $16) 27. Re5 Ng8 28. Nc5 $18 {[%cal Ge6g6]})
26... Rf7 27. Qxh6 fxe4 28. Qg6 $18 Qd5 29. Rxf7 Qxf7 30. Qxc6+ Rd7 (30... Kf8
31. Rf1) 31. Qxe4 Qd5 {Now white wins by force} 32. Rc8+ Kf7 33. Qh7+ Kf6 34.
Rc6+ $1 Bd6 (34... Qxc6 35. Qh6+) (34... Rd6 35. Rc5 Qb7 36. Rf5+ Ke6 37. Rf7 {
[%cal Gh7f5]} (37. Re5+ Kf6 38. h4 gxh4 39. g4 {with mate}) 37... Rd5 38. Qg6+
Kd7 39. Rxe7+ Kxe7 40. Qg7+ {and white wins}) 35. Qxd7 1-0

[Event "Festival comtois 3rd"]
[Site "Belfort"]
[Date "1998.12.16"]
[Round "3"]
[White "Hauchard, Arnaud"]
[Black "Bologan, Viktor"]
[Result "1-0"]
[WhiteElo "2500"]
[BlackElo "2585"]
[Annotator "Avrukh,B"]
[PlyCount "128"]
[EventDate "1998.12.14"]
[EventType "tourn"]
[EventRounds "10"]
[EventCountry "FRA"]
[EventCategory "13"]
[SourceTitle "CBM 069"]
[Source "ChessBase"]
[SourceDate "1999.04.01"]
[SourceVersion "1"]
[SourceVersionDate "1999.04.01"]
[SourceQuality "1"]

1. d4 Nf6 2. Bg5 d5 3. e3 c6 4. Nd2 {[%mdl 8]} (4. Bxf6 gxf6 5. Nf3 Rg8 6. g3
Bg4 7. Nbd2 Nd7 8. c3 e5 9. Be2 Bh6 (9... e4 $2 10. Nh4 Bxe2 11. Qxe2 $16 {
[%csl Rf4,Rf5][%cal Gh4f5]}) 10. Nh4 Be6 11. Qb3 Nb6 12. f4 e4 13. O-O-O f5 14.
Kb1 Bf8 15. c4 $14 {1/2-1/2 Uhmann,J-Veselsky, 1997/EXT 97 (25)}) (4. Bd3 Nbd7
(4... Bg4 5. f3 Bh5 6. Ne2 (6. Nc3 Nbd7 7. Qd2 e5 8. Nge2 Bb4 9. O-O (9. a3
Bxc3 10. Nxc3 h6 $11) 9... O-O (9... e4 10. Bxf6 Nxf6 11. fxe4 dxe4 12. Bc4 $13
) 10. Ng3 exd4 11. exd4 Bg6 12. f4 Bxd3 (12... h6 13. f5 $1) 13. Qxd3 Bxc3 14.
Qxc3 h6 {1/2-1/2 Mellado,J-De la Villa Garcia,J/Leon 1997/CBM 60/b (14)}) 6...
Nbd7 (6... Bg6 7. c4 Bxd3 8. Qxd3 e6 9. Nbc3 Qa5 {[%csl Gg5][%cal Gd5c4]} 10.
Bxf6 dxc4 11. Qxc4 gxf6 12. O-O Rg8 13. Nf4 {[%cal Gf4e6]} Nd7 $2 (13... Bh6
$142 $16) 14. Nxe6 $1 $18 {1-0 Bellon Lopez,J-Alvarez de Toledo/Benidorm op
1993/EXT 93op (21)}) 7. O-O (7. Nf4 $6 Bg6 8. Nxg6 hxg6 9. Nd2 e5 10. Qe2 Qa5
11. c3 O-O-O 12. Nb3 Qc7 13. O-O-O Bd6 $15 {[%csl Gd5,Ge5] 0-1 Kuraszkiewicz,
M-Falk,U/BL2-O 1994/BL2 (33)}) 7... Bg6 8. c4 Bxd3 9. Qxd3 dxc4 (9... e6 10.
Nbc3 Be7 11. e4 $14) 10. Qxc4 e6 11. Nbc3 Be7 12. e4 O-O 13. Be3 Rc8 14. Rfd1
b5 15. Qd3 $14 {Lputian,S-Vescovi,G/Moscow olm 1994/CBM 45/1-0 (40)}) 5. Nf3 e6
(5... g6 6. O-O Bg7 7. c4 dxc4 8. Bxc4 O-O 9. Nc3 Qa5 {[%cal Ge7e5]} 10. Qe2 e5
11. dxe5 Nxe5 12. Nxe5 Qxe5 13. Bf4 Qa5 14. Rfd1 b5 15. Bb3 Ba6 $132 {1/2-1/2
Galyas,M-Andrade,J/EU-chJM U18 1996/EXT 96ch2 (18)}) 6. c3 Bd6 7. Nbd2 e5 8.
dxe5 Nxe5 9. Nxe5 Bxe5 10. Qc2 $5 h6 11. Bh4 O-O 12. Nf3 Bd6 13. O-O-O $13 {
0-1 Bloemhard,R-Comp Dragon/The Hague 1997/EXT 97 (34)}) 4... Qb6 5. Rb1 Bf5 6.
Bd3 Bxd3 7. cxd3 Nbd7 8. Ne2 {[%cal Ge2c3]} (8. Ngf3 e6 9. O-O Bb4 (9... Be7
$143 10. Ne5 Rd8 11. f4 $36) (9... Bd6 10. e4 {[%cal Ge4e5]}) 10. a3 Bxd2 11.
Qxd2 O-O {and black is OK.}) 8... h6 9. Bh4 e6 10. Nc3 Be7 11. O-O O-O 12. Nf3
{[%cal Gf3e5,Gf2f4]} Rfe8 {good profilactical move against Ne5,and also
against e3-e4} 13. Na4 $5 (13. Ne5 $143 Nxe5 14. dxe5 Nd7 15. Bxe7 Rxe7 16. d4
c5 {and black has no problems}) (13. e4 $5 {[%csl Rd4]} Nf8 14. e5 N6d7 15.
Bxe7 Rxe7 16. b4 $1 $14 a5 $140 17. b5 c5 $2 18. Na4 $18) 13... Qa6 14. Qc2 (
14. b4 b6 $13) 14... b5 15. Nc5 Bxc5 (15... Nxc5 16. dxc5 Nd7 17. Bxe7 (17. b4
e5) 17... Rxe7 18. b4 e5 19. e4 d4 20. Nd2 $14 {[%cal Gd2b3,Gf2f4]}) 16. dxc5 {
[%cal Gf3d4]} e5 17. b4 Nh7 (17... e4 18. dxe4 Nxe4 (18... dxe4 19. Nd4 Nd5 20.
Nf5 {[%cal Gf5d6] and white is better}) 19. Nd4 Ne5 $140 $2 20. f3 $16 {
[%csl Ge4]}) 18. e4 d4 19. Nd2 {[%csl Ra5][%cal Gd2b3] Very important move.
White must replace his knight on b3 ,for not giving a7-a5 with counterplay on
a-file.} Qc8 20. Nb3 g5 $2 {[%mdl 16384]} (20... Nhf8 $142 $14 {[%cal Gf8e6]})
21. Bg3 Ndf8 {Now white starts to prepare f3-f4 break in the centre,which will
open the play in white's favour.} 22. f3 {[%csl Gf3][%cal Gg3e1,Gg2g3,Gf3f4]}
Ng6 (22... Nf6 {[%cal Gf6h5,Gh5f4]} 23. Be1 Nh5 $140 24. g3) 23. Be1 h5 (23...
Nf4 $142 24. g3 Nh3+ 25. Kh1 h5 26. Qe2 {[%csl Gh5][%cal Gf3f4]} Nf6 27. Bd2
$16 {[%cal Gf3f4]}) 24. g3 Qe6 (24... Qh3 25. Na5 Rac8 (25... Re6 26. Qg2 Qxg2+
27. Kxg2 Rb8 28. Bd2 {[%cal Gf3f4] and white clearly better in this ending})
26. Nb7 $1 {[%cal Gb7d6]}) 25. Qe2 {[%csl Rh5][%cal Ge2h5,Gf3f4]} Rad8 26. Bd2
{[%cal Gd2g5,Yf3f4]} Rf8 27. f4 gxf4 28. gxf4 f5 (28... Qh3 29. Rf3 Qg4+ (29...
Qh4 30. fxe5 Nxe5 (30... Rfe8 31. Rbf1 Nxe5 32. Rg3+ Ng4 (32... Kh8 33. Rf4 $1
Qe7 (33... Ng4 34. Nxd4 $1 {[%cal Ga1h8]} Rxd4 35. Bc3 Red8 36. Qb2 Nhf6 37.
Bxd4 Rxd4 38. Rfxg4 $1) 34. Qxh5 $18) 33. Qg2 {[%cal Gh2h3]} Kf8 34. Rh3 Qe7
35. Rxh5 Nhf6 36. Bh6+ Nxh6 37. Rxh6 $18) 31. Rf5 Rfe8 (31... Ng4 32. Be1 Qe7 (
32... Qh3 $2 33. Rf3 $18 {[%csl Rh3]}) 33. Rxh5 $18 {[%cal Ge1h4]}) 32. Rxh5
Qf6 33. Kh1 $16) 30. Kh1 $16 {[%csl Rg8][%cal Gb1g1]}) 29. Qxh5 Kh8 (29... exf4
30. Rbe1 Ne5 31. Rxf4 Nxd3 32. exf5 Qf7 33. Rg4+ Kh8 34. Qxf7 Rxf7 35. Rf1 $16
{[%csl Rd4]}) 30. Rbe1 exf4 (30... Rg8 31. Kh1 Nxf4 32. Bxf4 exf4 33. Qxf5 Qxf5
34. exf5 $18 {[%csl Rf4][%cal Gf1f4,Ge1e4,Ge4f4,Ge4d4]}) 31. exf5 $2 {[%mdl
8192]} (31. Bxf4 $1 Qg8 32. Kh1 fxe4 33. Be5+ Nxe5 34. Qxe5+ Qg7 35. Qxg7+ Kxg7
36. Rg1+ Kh8 37. Rxe4 {and white must win this endgame easily}) 31... Qd5 (
31... Qxf5 32. Qxf5 Rxf5 33. Re4 Ng5 (33... Ne5 $2 34. Nxd4 Rg5+ 35. Kh1 Nxd3
36. Nxc6 $18) 34. Rxd4 Rg8 35. Kh1 {[%csl Rf4][%cal Gd4d6]} Re8 36. Rd6 $16)
32. Qf3 (32. Qxg6 $2 Rg8 33. Bxf4 Rxg6+ 34. fxg6 Ng5 $15) 32... Qxf3 (32...
Qxf5 {[%cal Gh7g5,Gg6e5]} 33. Qxc6 f3 {[%cal Gf5g4]} (33... Qxd3 34. Qe4 Qxe4
35. Rxe4 d3 36. h4 (36. Bxf4 $4 Nxf4 37. Rfxf4 Rxf4 38. Rxf4 d2 39. Nxd2 Rxd2
$17) 36... Nf6 37. Re6 Kg7 (37... Rde8 38. Rd6 Re2 39. Bc3 {[%cal Gb3d4,Gd4e6]}
Kg7 40. Nd4 $18) 38. Bc3 {[%csl Rf4,Rf6][%cal Gh4h5,Gh5h6,Gf1f4]} Rf7 (38...
Rd5 39. Nd2 $18 {[%cal Gd2e4]}) 39. h5 Nf8 40. Rxf6 Rxf6 41. Rxf4 Nh7 42. Nd2 {
[%cal Gd2e4]} Kf7 43. Bxf6 Nxf6 44. Rf3 $16 {[%cal Gf3d3,Gf3h3,Gh5h8]}) 34. Kh1
{[%cal Gc6e4]} Qxd3 (34... Qh3 35. Rf2 Nh4 36. Qe6 Rf5 37. Nxd4 $1 Rxd4 38. Bc3
$18) 35. Qe4 Qxe4 36. Rxe4 d3 37. Bc3+ Kg8 38. Rg4 Kf7 39. Rxf3+ Ke7 40. Rh3 $1
{and white wins easily}) 33. Rxf3 Ng5 (33... Rxf5 34. Na5 {like in the game})
34. Rff1 Rxf5 35. Kh1 Kh7 36. Na5 {[%cal Ga5b7,Gb7d6] The knight from the side
coming to the senter.} Rf6 37. Nb7 Rdf8 38. Nd6 Nh4 $2 (38... Re6 $1 39. Kg2 (
39. Rxe6 $140 Nxe6 40. Re1 (40. Kg2) 40... f3 $1 $15) 39... Nh4+ 40. Kh1 Ng6
$11) 39. Ne4 $16 Nxe4 40. Rxe4 {[%csl Rd4,Rf4]} Ng6 41. Rxd4 Re8 $2 (41... f3 {
[%cal Gg6e5]} 42. Bc3 $1 $16) 42. Rd7+ Kh6 43. Kg2 Kg5 (43... Re2+ 44. Rf2
Rxf2+ 45. Kxf2 Ne5 46. Rd6 Rxd6 47. Bxf4+ Kg6 48. cxd6 Nxd3+ 49. Kg3 Kf6 50. h4
$18) 44. d4 Re4 45. d5 Ne5 46. dxc6 Rxc6 47. Rd5 {[%cal Gf1f4,Gd2f4]} Kf5 48.
Bc3 Rg6+ (48... Re2+ 49. Rf2 Rg6+ 50. Kf1 Re3 51. Re2 Rxc3 52. Rdxe5+ Kf6 53.
Re6+ Kf7 54. Re7+ Kf6 55. R2e6+ Kf5 56. Rxg6 Kxg6 57. Rxa7 $18) 49. Kf2 Rh6 50.
Rxe5+ Rxe5 51. Bxe5 Kxe5 {[%mdl 4096]} 52. Kg2 Ke4 (52... Ra6 53. Rf2 Ra4 54.
Rc2 $1 Rxb4 55. c6 f3+ 56. Kf2 $1 Rh4 57. Rc5+ Kf4 58. c7 Rxh2+ 59. Kg1 $18 {
[%cal Gc7c8]}) 53. Re1+ Kd3 54. a3 (54. Re7 Ra6 55. Kf3 Rxa2 $13) 54... Kc2 (
54... Kd4 $143 55. Rc1 Ke4 (55... Rc6 56. Kf3 $18) 56. c6 f3+ 57. Kg1 Rg6+ 58.
Kf1 Rg8 59. c7 Rc8 60. Kf2 $18) 55. Re7 Ra6 56. Rb7 Rxa3 57. Rxb5 Kd3 58. c6
f3+ 59. Kf2 (59. Kxf3 $4 Kc4+ $19) 59... Ke4 60. c7 Ra2+ 61. Ke1 Ra1+ 62. Kd2
f2 63. c8=Q Rd1+ 64. Kxd1 f1=Q+ {It's difficult for me to understand -why
black resighned in this position(maybe Bologan missed 65...Qd3),because after
65.Kd2 Qd3!+(65...Qb5?66Qg4+ with next 67Qg5+-) 66.Kc1 Qb5 67.Qg4 Ke3(67...
Kd3?68Qf3-Kd467Qf4-Kc368Qd2 and in the end white will change queens and black
cannot to stop white h-pawn). 68h4 and i think white has good chances for the
win , but still it's not so easy.} 1-0